| 000 -CABECERA |
| Longitud fija campo de control |
00859cam a22002417a 4500 |
| 003 - IDENTIFICADOR DEL NÚMERO DE CONTROL |
| Identificador del número de control |
OSt |
| 005 - FECHA Y HORA DE LA ÚLTIMA TRANSACCIÓN |
| Fecha y hora de la última transacción |
20150708165705.0 |
| 008 - CÓDIGOS DE INFORMACIÓN DE LONGITUD FIJA |
| Códigos de información de longitud fija |
150414s2015 spco ||| l000 0 cat|d |
| 017 ## - NÚMERO DE COPYRIGHT O DE DEPÓSITO LEGAL |
| Número de copyright o de depósito legal |
DL B 27807-2015 |
| 020 ## - NÚMERO INTERNACIONAL NORMALIZADO PARA LIBROS |
| Número Internacional Normalizado para Libros (ISBN) |
9788498506563 (Ajuntament de Barcelona) |
| 020 ## - NÚMERO INTERNACIONAL NORMALIZADO PARA LIBROS |
| Número Internacional Normalizado para Libros (ISBN) |
9788494247521 (Meteora) |
| 040 ## - FUENTE DE LA CATALOGACIÓN |
| Lengua de catalogación |
cat |
| Centro transcriptor |
CDMR |
| 100 1# - PUNTO DE ACCESO PRINCIPAL-NOMBRE DE PERSONA |
| Nombre de persona |
Luján, Nèstor |
| Fechas asociadas al nombre |
1922-1995 |
| 9 (RLIN) |
2974 |
| 245 13 - MENCIÓN DE TÍTULO |
| Título |
La Barcelona dels tramvies i altres textos |
| Mención de responsabilidad, etc. |
Nèstor Luján |
| 260 ## - PUBLICACIÓN, DISTRIBUCIÓN, ETC. (PIE DE IMPRENTA) |
| Lugar de publicación, distribución, etc. |
Barcelona |
| Nombre del editor, distribuidor, etc. |
Meteora : |
| -- |
Ajuntament de Barcelona |
| Fecha de publicación, distribución, etc. |
2015 |
| 300 ## - DESCRIPCIÓN FÍSICA |
| Extensión |
237 p. ; |
| Dimensiones |
22 cm |
| 500 ## - NOTA GENERAL |
| Nota general |
A la portada: Selecció d'articles, dietari i apunts a Cura de Jordi Amat i Agustí Pons |
| 600 10 - PUNTO DE ACCESO ADICIONAL DE MATERIA - NOMBRE DE PERSONA |
| Nombre de persona |
Luján, Nèstor |
| Fechas asociadas al nombre |
1922-1995 |
| 9 (RLIN) |
2974 |
| Subdivisión de forma (R ) |
Recull d'escrits |
| 651 #4 - PUNTO DE ACCESO ADICIONAL DE MATERIA - NOMBRE GEOGRÁFICO |
| Nombre geográfico |
Barcelona (Catalunya) |
| Subdivisión de materia general |
Història |
| 700 1# - PUNTO DE ACCESO ADICIONAL - NOMBRE DE PERSONA |
| Nombre de persona |
Amat, Jordi |
| Fechas asociadas al nombre |
1978- |
| 9 (RLIN) |
4555 |
| 700 1# - PUNTO DE ACCESO ADICIONAL - NOMBRE DE PERSONA |
| Nombre de persona |
Pons, Agustí |
| Fechas asociadas al nombre |
1947- |
| 9 (RLIN) |
2195 |
| 942 ## - ENTRADA DE ELEMENTOS AGREGADOS (KOHA) |
| Koha [por defecto] tipo de item |
Monografies |